French intellectuals and politics from the Dreyfus Affair to the Occupation

Αποθηκεύτηκε σε:
Λεπτομέρειες βιβλιογραφικής εγγραφής
Κύριος συγγραφέας: Drake, David 1946-
Μορφή: Βιβλίο
Γλώσσα:English
Δημοσίευση: New York : Palgrave Macmillan, 2005
Σειρά:French politics, society, and culture series
Θέματα:
Ετικέτες: Προσθήκη ετικέτας
Δεν υπάρχουν, Καταχωρήστε ετικέτα πρώτοι!

MARC

LEADER 00000nam a2200000 i 4500
001 1/92010
008 080818s2005 eng d
020 |a 0-333-77812-X 
035 |l 10099441 
040 |a GR-MY-UA  |b gre  |e aacr 
041 0 |a eng 
082 0 |a 944.081  |2 (22) 
100 1 |a Drake, David  |d 1946- 
245 1 0 |a French intellectuals and politics from the Dreyfus Affair to the Occupation /  |c David Drake 
260 |a New York :   |b Palgrave Macmillan,   |c 2005 
300 |a xii, 214 σ.;  |c 23 εκ. 
490 1 |a French politics, society, and culture series 
504 |a Βιβλιογραφία: σ. 202-206 
504 |a Ευρετήριο: σ. 207-214 
650 0 0 |a Politics and culture  |z France  |x History  |y 20th century. 
651 0 |a France  |x Intellectual life  |y 20th century. 
830 0 |a French politics, society, and culture series 
852 |a INST  |b LESVOS  |e 20080818  |h 944.081 DRA  |p 005100042785  |q 005100042785  |t BK  |y 0 
901 |a BIBL1-2008-2 
909 |a Λ  |b 145265 
922 |a 1ΕΛΗ  |b 200801  |c ΕΠΕΑΕΚ2/ΤΚΑ  |d ΕΛΕΥΘΕΡΟΥΔΑΚΗΣ 
970 |a ΧΑΤΖΗΜΙΧΑΗΛ  |b ΜΑΡΙΑ  |z 2008/08/18